000 00921cam a2200277 a 4500
005 20191224042323.0
008 891108s19730000sp 0 spa d
020 _a842050430
040 _aCO-BoPUJ
_cCO-BoIAVH
_dCO-BoIAVH
041 0 _aspa
044 _ack
082 0 4 _a591.5
_bA56i
100 1 _aAndrewartha, Herbert George
_d1907-
245 1 0 _aIntroducción al estudio de poblaciones animales /
_cH.G. Andrewartha
250 _aPrimera edición
260 _aMadrid (España) :
_bAlhambra,
_c1973.
300 _a332 páginas :
_btablas ;
_c28 x 21 cm.
500 _aIncluye índices
504 _aIncluye referencias bibliográficas.
650 2 6 _aEcología animal
650 2 6 _aComportamiento animal
650 2 6 _aPoblación animal
650 2 6 _aFauna
_xDistribución de la población
700 1 _aSalas Ortueta, Esteban
_etraductor
942 _2ddc
_cLIBRO
999 _c19442
_d19442